000 00388 a2200169 4500
001 72659
020 _a8526248138
040 _cAnchieta - Colégio São Paulo
100 _aCooper, James Fenimore
240 1 0 _aO último dos moicanos
_lpor
245 1 0 _aO último dos moicanos
300 _a88
362 0 _a2003
440 1 _aScipione
650 4 _aLiteratura juvenil
942 _cBK
999 _c72659
_d72659